Robert Frost: The Pasture Quiz Stats

 Plays Quiz not verified by Sporcle

Challenge
Share
Tweet
Embed
Score 0/66 Timer 06:00
0 Plays Today
Word % Correct
the
97.1%
the
97.1%
the
97.1%
the
97.1%
the
97.1%
I
92.9%
I
92.9%
I
92.9%
pasture
90%
to
77.1%
to
77.1%
to
77.1%
to
77.1%
and
72.9%
be
65.7%
be
65.7%
you
62.9%
It
62.9%
it
62.9%
you
62.9%
too
55.7%
too
55.7%
when
54.3%
so
52.9%
out
51.4%
out
51.4%
I'm
50%
going
50%
come
50%
I'm
50%
going
50%
come
50%
her
48.6%
Word % Correct
she
47.1%
by
41.4%
clean
40%
gone
40%
with
40%
gone
40%
shan't
38.6%
long
38.6%
calf
38.6%
It's
38.6%
shan't
38.6%
long
38.6%
spring
37.1%
leaves
37.1%
clear
37.1%
away
35.7%
water
35.7%
may
35.7%
mother
35.7%
young
35.7%
I'll
34.3%
watch
34.3%
licks
34.3%
rake
32.9%
fetch
32.9%
totters
32.9%
tongue
32.9%
only
31.4%
stop
31.4%
little
31.4%
wait
25.7%
standing
24.3%
that's
22.9%

You're not logged in!

Compare scores with friends on all Sporcle quizzes.
Join for Free
OR
Log In

You Might Also Like...

Show Comments

Extras

Created Aug 18, 2010ReportNominate
Tags:Robert Frost

Top Quizzes Today


Score Distribution

Your Account Isn't Verified!

In order to create a playlist on Sporcle, you need to verify the email address you used during registration. Go to your Sporcle Settings to finish the process.

Report this User

Report this user for behavior that violates our Community Guidelines.

Details: